Некоторые закономерности в сдвигах земной коры по данным повторных геодезических измерений; Московский ин-т инженеров геодезии, аэрофотосъемки и картографии. Труды; Вып. 8

Detaylı Bibliyografya
Parent link:Московский ин-т инженеров геодезии, аэрофотосъемки и картографии. Труды
Вып. 8.— 1950.— С. 76-87
Yazar: Большанин Б. И.
Dil:Rusça
Baskı/Yayın Bilgisi: 1950
Konular:
Materyal Türü: Kitap Bölümü
KOHA link:https://koha.lib.tpu.ru/cgi-bin/koha/opac-detail.pl?biblionumber=591599

MARC

LEADER 00000naa0a2200000 4500
001 591599
005 20250103192543.0
035 |a (RuTPU)RU\TPU\tpu\2037 
035 |a TPU00002037 
090 |a 591599 
100 |a 20011210d1950 k||y0rusy50 ca 
101 0 |a rus 
102 |a RU 
200 1 |a Некоторые закономерности в сдвигах земной коры по данным повторных геодезических измерений  |f Б. И. Большанин 
461 |t Московский ин-т инженеров геодезии, аэрофотосъемки и картографии. Труды 
463 |t Вып. 8  |v С. 76-87  |d 1950 
610 1 |a геолого-географические науки 
610 1 |a труды учёных ТПУ 
700 1 |a Большанин  |b Б. И. 
801 0 |a RU  |b 63413507  |c 20011210  |g PSBO 
801 2 |a RU  |b 63413507  |c 20060330  |g PSBO 
942 |c CR